Регионална библиотека "Любен Каравелов" - Русе

Спартак (Запис номер 102158)

MARC детайли
000 -Лидер
Лидер 01475nam a2200373 a 4500
003 - Код на организацията, давaща контролен номер
Код на организацията, даваща контролен номер BLK
005 - Дата и час на последна редакция
Дата и час на последна редакция 20230911141826.0
008 - Елементи от данни с фиксирана дължина
Елементи с фиксирана дължина 180409b bul|||||r ||||||| ||bul||
010 ## - Наследен системен номер
LC control number KNG00107216000
040 ## - Източник на каталожния запис
Код на библиотеката BLK
041 ## - Код за език
Език Български
Език за КДБФ Български
080 ## - УДК
УДК текст Италианска литература
УДК код 821.131.1
УДК – определител -311.6
УДК – код + определител 821.131.1-311.6
100 1# - Редна дума - Автор
Автор Джованьоли, Рафаело
R(LIN) 60922
245 10 - Сведения за заглавието
Заглавие Спартак
Подзаглавни данни Ист. роман
Авторска отговорност Рафаело Джованьоли; прев. от итал. Петко Драгоев; худож. Никифор Русков.
250 ## - Област на изданието
Поредност на изданието 8. изд.
257 ## - Страна на издаване
Страна на създаване/издаване Италия
260 ## - Област на издателските данни
Място на издаване София
Име на издателя Отечество
Година на издаване 1985
300 ## - Физическа характеристика
Брой страници 472 с.
Илюстрации с ил., 1 л. портр.
Размер 21 см
380 ## - Жанр
Жанр Худож. лит.
490 ## - СЕРИИ (Колекции)
Серия Избрани книги за деца и юноши
9 (RLIN) 202174
500 ## - Общи забележки
Обща забележка Ориг. загл. Spartaco / Raffaello Govagnoli. - 1. изд. 1932
653 ## - Ключова дума – ненормативна
Ключови думи исторически романи
700 1# - Други автори (авторска отговорност)
Друг автор Драгоев, Петко
Авт. отговорност на др. автор прев. от итал.
9 (RLIN) 309099
700 1# - Други автори (авторска отговорност)
Друг автор Русков, Никифор
Авт. отговорност на др. автор худож.
9 (RLIN) 364263
852 ## - Местоположение
Сигнатура (форматна) Цб 136121
Отдел Хранилище
856 4# - Електронен адрес и достъп
Електронен формат pdf - файл
856 4# - Електронен адрес и достъп
Електронен формат pdf - файл
942 ## - АРТИКУЛИ
Вид на библиотечния документ Книги
Скрит в OPAC Не
Koha issues (borrowed), all copies 3
Периодичен библиозапис Да
944 ## - СЪЗДАВАНЕ И РЕДАКЦИЯ на ЗАПИСА
Създаване/Редакция Създаване
Дата на регистрацията/редакция 23.07.2003
Номер на служител Русанова Ирена
Служител, извършил регистрацията/редакцията 30542
944 ## - СЪЗДАВАНЕ И РЕДАКЦИЯ на ЗАПИСА
Създаване/Редакция Редакция
Дата на регистрацията/редакция 11.01.2018
Служител, извършил регистрацията/редакцията Людмила_Стоянова
999 ## - СИСТЕМНИ КОНТРОЛНИ НОМЕРА
Koha biblionumber 102158
Koha biblioitemnumber 102158
999 ## - СИСТЕМНИ КОНТРОЛНИ НОМЕРА
Koha biblioitemnumber 102158
999 ## - СИСТЕМНИ КОНТРОЛНИ НОМЕРА
Koha biblioitemnumber 102158
Наличности
Код за отписване Код за изгубен артикул Източник на класификационната схема Код за повреда Коз за рестрикции Код за отдаване Артикулен № Име на библиотеката - собственик Име на библиотеката, в която се намира в момента Статус (Текущо местоположение) Дата на вписване в системата Местоположение - отдел Цена в лева Инвентарен номер Систематично азбучна сигнатура Баркод Номер на екземпляра Цена в евро Служебна бележка Служебен тип на артикула Бележка за публиката
Изтеглен Не е изгубен Universal Decimal Classification Не е повреден без рестрикции заемане за дома 164965 Регионална библиотека "Любен Каравелов" Русе Регионална библиотека "Любен Каравелов" Русе Заемна - подръчен фонд 2003-07-23 Заемна - подръчен фонд 0.00 120000677860 П 850-31/Д 52 120000677860 1 0.00 Дост: DA Вид: А N: 21 Дата: 23.07.2003 Книги  
  Не е изгубен Universal Decimal Classification Не е повреден без рестрикции ползва се в читалня 164966 Регионална библиотека "Любен Каравелов" Русе Регионална библиотека "Любен Каравелов" Русе Хранилище 1985-01-01 Хранилище 2.60 432432 Цб 136121 120000432432 2 1.33 Дост: Dp Вид: Д N: стар фонд Дата: 01.01.1985 Книги  
Изтеглен Не е изгубен Universal Decimal Classification Не е повреден без рестрикции заемане за дома 164967 Регионална библиотека "Любен Каравелов" Русе Регионална библиотека "Любен Каравелов" Русе Заемна - подръчен фонд 1985-01-01 Заемна - подръчен фонд 2.60 434048 П 850-31/Д 52 434048 3 1.33 Дост: Pk Вид: Ф N: стар фонд Дата: 01.01.1985 Книги  
Изтеглен Не е изгубен Universal Decimal Classification Не е повреден без рестрикции заемане за дома 164968 Регионална библиотека "Любен Каравелов" Русе Регионална библиотека "Любен Каравелов" Русе Заемна - подръчен фонд 1985-01-01 Заемна - подръчен фонд 2.60 434049 П 850-31/Д 52 434049 4 1.33 Дост: Pk Вид: Ф N: стар фонд Дата: 01.01.1985 Дата инв: 12.02.2018 Бележки инв: П2018 Книги  
Изтеглен Не е изгубен Universal Decimal Classification Не е повреден без рестрикции заемане за дома 164969 Регионална библиотека "Любен Каравелов" Русе Регионална библиотека "Любен Каравелов" Русе Заемна - подръчен фонд 1985-01-01 Заемна - подръчен фонд 2.60 434050 П 850-31/Д 52 434050 5 1.33 Дост: Pk Вид: Ф N: стар фонд Дата: 01.01.1985 Книги  
Изтеглен Не е изгубен Universal Decimal Classification Не е повреден без рестрикции заемане за дома 164970 Регионална библиотека "Любен Каравелов" Русе Регионална библиотека "Любен Каравелов" Русе Заемна - подръчен фонд 1985-01-01 Заемна - подръчен фонд 2.60 434051 П 850-31/Д 52 434051 6 1.33 Дост: Pk Вид: Ф N: стар фонд Дата: 01.01.1985 Книги  
Изтеглен Не е изгубен Universal Decimal Classification Не е повреден без рестрикции заемане за дома 164971 Регионална библиотека "Любен Каравелов" Русе Регионална библиотека "Любен Каравелов" Русе Детски отдел 1985-01-01 Детски отдел 2.60 432878 ДХ 820/899/Д 52 432878 7 1.33 Дост: Pk Вид: Ф N: стар фонд Дата: 01.01.1985 Дата инв: 08.09.2015 Бележки инв: Д2015 Книги  
Изтеглен Не е изгубен   Не е повреден без рестрикции заемане за дома 164972 Регионална библиотека "Любен Каравелов" Русе Регионална библиотека "Любен Каравелов" Русе   1985-01-01 Детски отдел 2.60 432880 ДХ 820/899/Д 52 432880 8 1.33 Дост: Pk Вид: Ф N: стар фонд Дата: 01.01.1985 Дата инв: 08.09.2015 Бележки инв: Д2015 Книги Отч.N: 65/2017 , Дата: 04.12.2017
Изтеглен Не е изгубен   Не е повреден без рестрикции заемане за дома 164973 Регионална библиотека "Любен Каравелов" Русе Регионална библиотека "Любен Каравелов" Русе Детски отдел 2005-08-26 Детски отдел 3.00 120000696462 ДХ 820/899/Д 52 120000696462 9 1.53 Дост: DA Вид: А N: 22 Дата: 26.08.2005 Дата инв: 06.08.2015 Бележки инв: Д2015 Книги  
Изтеглен Не е изгубен Universal Decimal Classification Не е повреден без рестрикции заемане за дома 164974 Регионална библиотека "Любен Каравелов" Русе Регионална библиотека "Любен Каравелов" Русе Детски отдел 2017-12-09 Детски отдел 14.00 120000817728 ДХ 820/899/Д 52 120000817728 10 7.16 Дост: DA Вид: А N: 43 Дата: 09.12.2017 Книги  
Vip Innovations Ltd, Rousse, Bulgaria 2025